| 000 | 00610nam a22001937a 4500 | ||
|---|---|---|---|
| 999 |
_c168791 _d168791 |
||
| 005 | 20191024170842.0 | ||
| 010 | _aUR-10559 | ||
| 020 |
_c200.00 _a- |
||
| 035 | _aU-9113 | ||
| 037 |
_bDBAD/PUB _a- |
||
| 082 | _aک | ||
| 100 | _aا بو الکلا م ر حما نی | ||
| 245 |
_aگنا ہ کی کھيتی _c ا بو الکلا م ر حما نی |
||
| 246 |
_bGunaah ki Kheti (Urdu) _aby Abul Kalam Rahmani |
||
| 260 |
_aKolkata _bBirjees Afroz Kalam _c2018ء |
||
| 270 |
_a2/3B/H/2,Momin Pura Rod, _bKolkata _e700023 _k9088035686 _l- |
||
| 300 |
_a96 ص _c22 Cm(Hb) |
||
| 942 |
_2ddc _cUR _hک _mا ب و |
||